000 00708nam a2200241Ia 4500
003 OSt
005 20220923212159.0
006 a|||||r|||| 00| 0
007 ta
008 220922b |||||||| |||| 00| 0 hin d
024 _a151,427
037 _cTextual
040 _aARTS
_cARTS
_bhin
041 _2hin
_ahin
082 _aO15,2:g, 152L0
100 _aपुरोहित, शान्तिगोपाल
245 0 _aनाटय दर्शन
246 _aNāṭaya darshana
260 _c1970
650 _aसंस्कृत नाटक
942 _hO15,2:g, 152L0
_cTEXL
_2CC
999 _c307100
_d307100